书目信息 |
| 题名: |
房屋建筑学
|
|
| 作者: | 聂洪达 , 郄恩田 主编 | |
| 分册: | ||
| 出版信息: | 北京 北京大学出版社 2007.02 |
|
| 页数: | 378页 | |
| 开本: | 26cm | |
| 丛书名: | 21世纪全国应用型本科土木建筑系列实用规划教材 | |
| 单 册: | ||
| 中图分类: | TU22 | |
| 科图分类: | ||
| 主题词: | 房屋建筑学--fang wu jian zhu xue--高等学校--教材 | |
| 电子资源: | ||
| ISBN: | 978-7-301-11496-4 | |
| 000 | 01064nam 2200265 450 | |
| 001 | 012007245564 | |
| 005 | 20120408134403.50 | |
| 010 | @a978-7-301-11496-4@dCNY36.00 | |
| 100 | @a20070724d2007 km y0chiy0120 ea | |
| 101 | 0 | @achi |
| 102 | @aCN@b110000 | |
| 105 | @aa a 000yy | |
| 200 | 1 | @a房屋建筑学@Afang wu jian zhu xue@f聂洪达, 郄恩田主编@Fnie hong da,qie en tian zhu bian |
| 210 | @a北京@c北京大学出版社@d2007.02 | |
| 215 | @a378页@c图@d26cm | |
| 225 | 2 | @a21世纪全国应用型本科土木建筑系列实用规划教材@A21 shi ji quan guo ying yong xing ben ke tu mu jian zhu xi lie shi yong gui hua jiao cai |
| 320 | @a有书目。 | |
| 330 | @a本书主要讲述民用与工业建筑的设计原理与构造方法,具体内容包括建筑环境、建筑场地、民用建筑设计、民用建筑构造、工业建筑设计、工业建筑构造等。 | |
| 410 | 0 | @12001 @a21世纪全国应用型本科土木建筑系列实用规划教材 |
| 606 | 0 | @a房屋建筑学@Afang wu jian zhu xue@x高等学校@j教材 |
| 690 | @aTU22@v4 | |
| 701 | 0 | @a聂洪达@Anie hong da@4主编 |
| 701 | 0 | @a郄恩田@Aqie en tian@4主编 |
| 801 | 0 | @aCN@c20070927 |
| 905 | @dTU22@eN560 | |
| 房屋建筑学/聂洪达, 郄恩田主编.-北京:北京大学出版社,2007.02 |
| 378页:图;26cm.-(21世纪全国应用型本科土木建筑系列实用规划教材) |
| ISBN 978-7-301-11496-4:CNY36.00 |
| 本书主要讲述民用与工业建筑的设计原理与构造方法,具体内容包括建筑环境、建筑场地、民用建筑设计、民用建筑构造、工业建筑设计、工业建筑构造等。 |
| ● |
| 相关链接 |
|
|
|
正题名:房屋建筑学
索取号:TU22/N560
 
预约/预借
| 序号 | 登录号 | 条形码 | 馆藏地/架位号 | 状态 | 备注 |
| 1 | 246450 | 202464500 | 建筑库101/101建筑库 45排7列1层/ [索取号:TU22/N560] | 在馆 | |
| 2 | 246451 | 202464519 | 建筑库101/101建筑库 45排7列1层/ [索取号:TU22/N560] | 在馆 | |
| 3 | 246452 | 202464528 | 建筑库101/101建筑库 45排7列1层/ [索取号:TU22/N560] | 在馆 | |
| 4 | 485525 | 204855255 | 土木与交通工程学院资料室/ [索取号:TU22/N560] | 在馆 |